| 000 | 00503nam a22001937a 4500 | ||
|---|---|---|---|
| 003 | CEME | ||
| 005 | 20210628204157.0 | ||
| 008 | 210105b xxu||||| |||| 00| 0 eng d | ||
| 020 | _a9781439042731 | ||
| 040 | _cceme | ||
| 082 | _a621.3 HER | ||
| 100 |
_aHerren, Ray.V _969131 |
||
| 245 | _aAgricultural mechanics, fundamentals and applications | ||
| 250 | _a6TH | ||
| 260 |
_aUSA _bDELMAR'S PUBLISHING _c2010 |
||
| 300 | _aXV, 896P | ||
| 650 |
_aAGRICULTURAL MECHANICS. _969132 |
||
| 942 |
_cBK _2ddc |
||
| 999 |
_c576529 _d576529 |
||